Current Monarchs of the World - Statistics

General Stats
  • This quiz has been taken 83 times
    36 since last reset
  • The average score is 25 of 44
Answer Stats
Country Title Monarch % Correct
Antigua and Barbuda King Charles III
92%
Australia King Charles III
92%
Bahamas King Charles III
92%
Belize King Charles III
92%
Canada King Charles III
92%
Grenada King Charles III
92%
Jamaica King Charles III
92%
New Zealand King Charles III
92%
Papua New Guinea King Charles III
92%
Saint Kitts and Nevis King Charles III
92%
Saint Lucia King Charles III
92%
Saint Vincent and the Grenadines King Charles III
92%
Solomon Islands King Charles III
92%
Tuvalu King Charles III
92%
United Kingdom King Charles III
92%
Andorra Co-Prince Emmanuel Macron
77%
Spain King Felipe VI
73%
Vatican City Pope Leo XIV
69%
Denmark King Frederik X
62%
Norway King Harald V
62%
Morocco King Mohammed VI
62%
Monaco Prince Albert II
58%
Netherlands King Willem-Alexander
58%
Luxembourg Grand Duke Henri
54%
Sweden King Carl XVI Gustaf
50%
Japan Emperor Naruhito
50%
Liechtenstein Prince Hans-Adam II
46%
Belgium King Philippe
46%
Saudi Arabia King Salman
46%
Jordan King Abdullah II
35%
Brunei Sultan Hassanal Bolkiah
35%
Eswatini King Mswati III
35%
Lesotho King Letsie III
27%
Thailand King Vajiralongkorn
27%
Bhutan Druk Gyalpo Jigme Khesar Namgyel Wangchuck
23%
United Arab Emirates President Mohamed bin Zayed Al Nahyan
23%
Qatar Emir Tamim bin Hamad Al Thani
23%
Tonga King Tupou VI
23%
Oman Sultan Haitham bin Tariq
19%
Bahrain King Hamad bin Isa Al Khalifa
19%
Malaysia Yang di-Pertuan Agong Ibrahim Iskandar
15%
Andorra Co-Prince Joan Enric Vives i Sicilia
15%
Kuwait Emir Mishal Al-Ahmad Al-Jaber Al-Sabah
15%
Cambodia King Norodom Sihamoni
12%
No matching quizzes found
Score Distribution
Percent of People with Each Score
Percentile by Number Answered
Your Score History
You have not taken this quiz since the last reset